000 00623nam a22002057a 4500
003 OSt
005 20140310182332.0
008 130320t xxu||||| |||| 00| 0 eng d
020 _a0394824571
050 _aTL 799.M6
_b.D66 1989
082 _aGS 629.454
_bD718 1989
100 _aDonnelly, Judy
_921444
245 _aMoonwalk :
_cJudy Donnelly ; illustrated by Dennis Davidson
_bthe first trip to the moon /
260 _aNew York :
_bRandom House,
_c1989.
300 _a47 p. :
_c23 cm.
_bill. col. ;
650 _aSpace flight to the moon
_95243
650 _aProject Apollo
_921445
942 _2lcc
_cBK
999 _c11998
_d11998